Delta's key to the TOEFL test /

Gespeichert in:
Bibliographische Detailangaben
1. Verfasser: Gallagher, Nancy.
Körperschaft: Ban biên dịch First News.
Weitere Verfasser: Nguyễn Văn Phước (chú giải.), Vũ Tài Hoa (chú giải.)
Format: Buch
Sprache:English
Veröffentlicht: Tp.HCM : Nxb Trẻ, 2004.
Ausgabe:New ed.
Schriftenreihe:Chương trình luyện thi TOEFL.
Schlagworte:
Tags: Tag hinzufügen
Keine Tags, Fügen Sie den ersten Tag hinzu!
Thư viện lưu trữ: Mạng thư viện Đại học Đà Nẵng
LEADER 01566nam a2200433 a 4500
001 000041714
003 24634
005 20200114151921.0
008 171030s2004
020 |c 85000 
040 |a lnn  |c lnn  |d lnn 
041 0 |a eng 
082 1 4 |a 428.0076  |b GA-N 
100 1 |a Gallagher, Nancy. 
245 1 0 |a Delta's key to the TOEFL test /  |c Nancy Gallagher ; chú giải : Vũ Tài Hoa, Nguyễn Văn Phước, ban biên dịch First News. 
250 |a New ed. 
260 |a Tp.HCM :  |b Nxb Trẻ,  |c 2004. 
300 |a 731 p. ;  |c 20.5 cm. +  |e 1 CD-ROM. 
440 0 |a Chương trình luyện thi TOEFL. 
630 0 4 |a Anh ngữ. 
630 0 4 |a English language. 
630 0 4 |a TOEFL. 
650 0 4 |a English language  |x Tests. 
650 0 4 |a English language  |x Textbooks for foreign speakers. 
650 0 4 |a Test of English as a Foreign language  |x Study guides. 
650 0 4 |a English language  |x Examinations  |x Study guides. 
650 0 4 |a Vocabulary tests  |x Study guides. 
700 1 |a Nguyễn Văn Phước,  |e chú giải. 
700 1 |a Vũ Tài Hoa,  |e chú giải. 
710 1 |a Ban biên dịch First News. 
OWN |a LNN 
AVA |a UDN50  |b LNN  |c English  |d 428.01 GA-N  |e available  |t Error 5001 Not defined in file expand_doc_bib_avail.  |f 3  |g 0  |h N  |i 0  |j AN 
999 |a From the UDN01 
AVA |a UDN50  |b LNN  |c English  |d 428.01 GA-N  |e available  |t Error 5001 Not defined in file expand_doc_bib_avail.  |f 3  |g 0  |h N  |i 0  |j AN 
TYP |a Monograph 
TYP |a Printed language 
980 |a Mạng thư viện Đại học Đà Nẵng